000 00671nam a22001817a 4500
999 _c61173
_d61173
005 20231227105958.0
008 231227s1984 ru ||||| |||| 00| 0 rus d
041 _arus
080 _a101.9 Ф-76
100 _aФомичев, H.
_920906
245 _aВо имя истины и добродетели :
_bСократ : Повесть-легенда /
_cН. Фомичев.
264 _aМосква :
_bМол. гвардия,
_c1984.
300 _a192 с. :
_b ил. ;
_c17 cm.
440 _aПионер - значит первый
_nВып. 82
_920907
653 _aსოკრატე
653 _aფილოსოფია
942 _2udc
_cᲬᲘᲒᲜᲘ